{"text_format":"3","workbook":"xls","n_sheets":2,"sheets":["ORÇAMENTO SINAPI","CRONOGRAMA"],"not_rendered":{"images":4,"external_links":1,"defined_names":3},"read":"whole","date_system":"1900","formulas":"cached_only"}

{"sheet":"ORÇAMENTO SINAPI","index":0,"n_rows":74,"n_cols":14,"rows_kept":74,"merged":[[1,0,1,7],[2,0,2,7],[3,0,3,7],[4,0,4,7],[6,0,6,1],[6,2,6,7],[7,0,7,1],[7,2,7,7],[16,3,16,7],[73,0,73,7]],"flags":["formulas_cached_only"]}
[]
["DATA: 03/06/2014"]
["ANEXO II"]
[]
["DATA BASE - SINAPI (ABR-2014) / SEINF (ABRIL-2014) / SEINFRA - (022) - COM DESONERAÇÃO"]
[]
["OBJETO :",null,"CONSTRUÇÃO DE QUADRA POLIESPORTIVA NA COMUNIDADE POÇO DA DRAGA"]
["LOCAL    :",null,"AV. ALMIRANTE TAMANDARÉ ESQUINA COM RUA DOS TABAJARAS - PRAIA DE IRACEMA"]
[]
["ITEM","REFERÊNCIA","CÓDIGO","DESCRIÇÃO","UNIDADE","QUANT.","PREÇO        (R$)","PREÇO TOTAL (R$)"]
[1,null,null,"SERVICOS PRELIMINARES"]
["1.1",null,null,"CONSTRUÇÃO DO CANTEIRO DA OBRA"]
["1.1.1","SINAPI","74209/001","PLACA DE OBRA EM CHAPA DE ACO GALVANIZADO","M2",{"v":6,"d":"6.00"},263.33,{"v":1579.98,"d":"1,579.98"},null,null,3.2]
["1.1.2","SINAPI","74220/001","INSTALAÇÕES PROVISÓRIAS DE LUZ , FORÇA,TELEFONE E LÓGICA","UN",{"v":1,"d":"1.00"},33.34,33.34]
["1.2.3","SEINFRA","C1622","LIGAÇÃO PROVISÓRIA DE ÁGUA E SANITÁRIO","UN",{"v":1,"d":"1.00"},{"v":1699.69,"d":"1,699.69"},{"v":1699.69,"d":"1,699.69"}]
["1.2.4","SINAPI","74242/001","BARRACAO DE OBRA EM CHAPA DE MADEIRA COMPENSADA COM BANHEIRO, COBERTURA EM FIBROCIMENTO 4 MM, INCLUSO INSTALACOES HIDRO-SANITARIAS E ELETRICAS","M2",{"v":50,"d":"50.00"},150.58,{"v":7529,"d":"7,529.00"}]
["1.2",null,null,"LICENÇAS"]
["1.2.1","SEINF",10070004,"LICENÇA AMBIENTAL INSTALAÇÃO (SEUMA) - PORTE MENOR IGUAL A 0,50HA","UN",{"v":1,"d":"1.00"},{"v":841.2,"d":"841.20"},{"v":841.2,"d":"841.20"}]
["1.2.2","SEINF",10070007,"REGISTRO NO CREA - ÁREA ACIMA DE 270,00M2","UN","1,00",{"v":672,"d":"672.00"},{"v":672,"d":"672.00"}]
[{"$nulls":6},"SUBTOTAL (Etapa):",{"v":12355.210000000001,"d":"12,355.21"},{"$nulls":3},0]
[2,null,null,"MOVIMENTO DE TERRA",{"$nulls":7},0]
["2.1",null,null,"CARGA,TRANSPORTE E DESCARGA DE MATERIAL",{"$nulls":7},0]
["2.1.1","SINAPI",79478,"ESCAVACAO MANUAL CAMPO ABERTO EM SOLO EXCETO ROCHA ATE 2,00M PROFUNDIDADE","M3",{"v":6.789999999999999,"d":"6.79"},{"v":18.2,"d":"18.20"},123.58,null,45.67,null,0]
["2.1.2","SEINFRA","C2530","TRANSPORTE DE MATERIAL, EXCETO ROCHA EM CAMINHÃO ATÉ 10KM","M3",{"v":6.789999999999999,"d":"6.79"},19.59,133.02,null,11.92,null,0]
[{"$nulls":6},"SUBTOTAL (Etapa):",{"v":256.6,"d":"256.60"},{"$nulls":3},0]
[3,null,null,"ALVENARIAS E ACABAMENTOS",{"$nulls":7},0]
["3.1",null,null,"ALVENARIAS E ACABAMENTOS",{"$nulls":7},0]
["3.1.1","SINAPI","73935/003","ALVENARIA EM TIJOLO CERAMICO FURADO 9X9X19CM,1/2 VEZ (ESPESSURA 9 CM), ASSENTADO EM ARGAMASSA TRACO 1:4 (CIMENTO E AREIA MEDIA NAO PENEIRADA), PREPARO MANUAL, JUNTA 1CM","M2",{"v":9,"d":"9.00"},36.08,324.72,null,0.25,null,0]
["3.1.2","SINAPI","73935/002"," ALVENARIA EM TIJOLO CERAMICO FURADO 9X19X19CM, 1 VEZ (ESPESSURA 19 CM) , ASSENTADO EM ARGAMASSA TRACO 1:4 (CIMENTO E AREIA MEDIA NAO PENEIRADA), PREPARO MANUAL, JUNTA 1 CM","M2",86.82,40.57,{"v":3522.29,"d":"3,522.29"}]
["3.1.3","SINAPI","73928/002","CHAPISCO TRACO 1:3 (CIMENTO E AREIA MEDIA), ESPESSURA 0,5CM, PREPARO MANUAL DA ARGAMASSA","M2",191.64,3.25,622.83]
["3.1.4","SEINFRA","C3028","REBOCO C/ ARGAMASSA DE CIMENTO E AREIA PENEIRADA, TRAÇO 1:3","M2",191.64,23.47,{"v":4497.79,"d":"4,497.79"}]
["3.1.5","SEINFRA","C0773","CHAPIM PRÉ-MOLDADO DE CONCRETO","M2",108.53,74.53,{"v":8088.74,"d":"8,088.74"}]
[{"$nulls":6},"SUBTOTAL (Etapa):",{"v":17056.370000000003,"d":"17,056.37"},{"$nulls":3},0]
[4,null,null,"PISOS",{"$nulls":7},0]
["4.1",null,null,"PISOS INTERNOS E EXTERNOS",{"$nulls":7},0]
["4.1.1","SINAPI","73907/003","CONTRAPISO / LASTRO DE CONCRETO NÃO ESTRUTURAL, E = 5 CM, PREPARO C/ BETONEIRA","M2",888.79,16.46,{"v":14629.48,"d":"14,629.48"}]
["4.1.2","SINAPI",72137,"PISO INDUSTRIAL ALTA RESISTENCIA, ESPESSURA 12MM, INCLUSO JUNTAS DE DILATACAO PLASTICAS E POLIMENTO MECANIZADO","M2",670.37,{"v":60.1,"d":"60.10"},{"v":40289.24,"d":"40,289.24"},{"$nulls":5},{"v":268.148,"d":"268.15"}]
["4.1.3","SEINF",140030029,"PISO EM PEDRA CARIRI","M2",218.42,31.42,{"v":6862.76,"d":"6,862.76"},{"$nulls":5},{"v":87.368,"d":"87.37"}]
["4.1.4","SEINF",140030007,"MEIO FIO PRÉ MOLDADO DEITADO (0,10X0,30X1,00)M COMPLETAMENTE EXECUTADO INCL. PINTURA","M",{"v":85.2,"d":"85.20"},{"v":71.3,"d":"71.30"},{"v":6074.76,"d":"6,074.76"}]
["4.1.5","SEINF",140030015,"MEIO FIO PRÉ MOLDADO EM PÉ (10X30X100) INCL. REJUNTAMENTO","M",146.28,{"v":12.1,"d":"12.10"},{"v":1769.99,"d":"1,769.99"},null,10,null,0]
[{"$nulls":6},"SUBTOTAL (Etapa):",{"v":69626.23000000001,"d":"69,626.23"},{"$nulls":3},0]
[5,null,null,"PINTURAS"]
["5.1",null,null,"PINTURA PAREDES"]
["5.1.1","SEINF",170010028,"TEXTURA ACRÍLICA 1 DEMÃO EM PAREDES","M2",196.77,{"v":11.9,"d":"11.90"},{"v":2341.56,"d":"2,341.56"}]
["5.1.2","SINAPI",41595,"PINTURA ACRILICA DE FAIXAS DE DEMARCACAO EM QUADRA POLIESPORTIVA, 5 CM DE LARGURA","M",{"v":1054.82,"d":"1,054.82"},4.54,{"v":4788.88,"d":"4,788.88"}]
["5.2",null,null,"CAIAÇÃO DE MEIO-FIO"]
["5.2.1","SINAPI",83693,"CAIACAO EM MEIO FIO","M2",{"v":51.198,"d":"51.20"},1.52,77.82]
[{"$nulls":6},"SUBTOTAL (Etapa):",{"v":7208.26,"d":"7,208.26"},{"$nulls":3},0]
[6,null,null,"URBANIZAÇÃO E PAISAGISMO",{"$nulls":7},0]
["6.1",null,null,"PAISAGISMO",{"$nulls":7},0]
["6.1.1","SEINF",200030043,"ZOYZIA JAPÔNICA GRAMA ESMERALDA ","M2",63.35,4.34,274.94,null,75,null,0]
["6.1.2","SEINFRA","C3436","ALAMBRADO C/ TELA DE NYLON FIO E = 3 MM E MALHA DE ( 5 X 5 ) CM.","M2",417.68,{"v":32.6,"d":"32.60"},{"v":13616.37,"d":"13,616.37"}]
["6.1.2","SEINF",200010006,"BANCO DE CONCRETO - PADRÃO PREFEITURA","M",{"v":40,"d":"40.00"},148.52,{"v":5940.8,"d":"5,940.80"},null,8,null,0]
["6.1.4","SEINFRA","C2903","PORTÃO DE TUBO DE AÇO GALVANIZADO DE 2\" (1X2)m, INCL. PILARES DE SUSTENTAÇÃO","UN",{"v":2,"d":"2.00"},673.63,{"v":1347.26,"d":"1,347.26"}]
["6.1.5","SEINFRA","C2904","PORTÃO DE TUBO DE AÇO GALVANIZADO DE 2\" (4X2)m, INCL.. PILARES DE SUSTENTAÇÃO","UN",{"v":1,"d":"1.00"},{"v":2308.08,"d":"2,308.08"},{"v":2308.08,"d":"2,308.08"}]
["6.1.6","SEINFRA","C1351","ESTRUTURA METÁLICA P/ REDE DE VOLEY","CJ",{"v":1,"d":"1.00"},333.21,333.21]
["6.1.7","SEINFRA","C1349","ESTRUTURA METÁLICA DE TRAVES DE FUTSAL","CJ",{"v":1,"d":"1.00"},827.28,827.28]
["6.1.8","SEINFRA","C1347","ESTRUTURA METÁLICA C/ TABELAS DE BASQUETE","CJ",{"v":1,"d":"1.00"},{"v":2007.69,"d":"2,007.69"},{"v":2007.69,"d":"2,007.69"}]
["6.1.9","SEINFRA","C0229","ÁRVORES ORNAMENTAIS EM GERAL. C/ ALTURA  MÉDIA DE 2.50M.EXCETO PALMÁCEAS","UN",{"v":4,"d":"4.00"},25.03,100.12]
["6.1.10","SEINF",200030031,"PLANTIO DE PALMEIRAS COM HM= 1,50 M, INCL. AQUISIÇÃO E PREPARAÇÃO\nDE COVA 0,40X0,40X0,40M ","UN",{"v":4,"d":"4.00"},107.97,431.88,null,25,null,0]
["6.1.11","SEINF",200010021,"LIXEIRA PRÉ-MOLDADO EM MANILHA POROSA DIAM. = 40 CM E ALT. = 50\nCM","UN",{"v":4,"d":"4.00"},{"v":27.7,"d":"27.70"},{"v":110.8,"d":"110.80"},{"$nulls":3},0]
[{"$nulls":6},"SUBTOTAL (Etapa):",{"v":27298.429999999993,"d":"27,298.43"},{"$nulls":3},0]
[7,null,null,"SERVIÇOS COMPLEMENTARES",{"$nulls":7},0]
["7.1",null,null,"LIMPEZA FINAL",{"$nulls":5},560,null,3]
["7.1.1","SINAPI",9537,"LIMPEZA FINAL DA OBRA","M2",945.24,1.01,954.69]
[{"$nulls":6},"SUBTOTAL (Etapa):",954.69,{"$nulls":3},0]
[]
[{"$nulls":6},"SUBTOTAL GERAL:",{"v":134755.79,"d":"134,755.79"},{"$nulls":3},0]
[]
[{"$nulls":6},"BDI (20%):",{"v":26951.158000000003,"d":"26,951.16"},{"$nulls":3},0]
[]
[{"$nulls":6},"TOTAL GERAL:",{"v":161706.948,"d":"161,706.95"},{"$nulls":3},0]
[]
["IMPORTA O PRESENTE ORÇAMENTO EM R$ 161.706,95 (CENTO E SESSENTA E UM MIL SETECENTOS E SEIS REAIS E NOVENTA E CINCO CENTAVOS)"]

{"sheet":"CRONOGRAMA","index":1,"n_rows":27,"n_cols":15,"rows_kept":27,"merged":[[4,0,4,12],[6,0,6,11],[8,0,8,11],[9,0,9,11],[13,0,13,12]],"flags":["formulas_cached_only"]}
[]
[]
[]
[]
["ANEXO III"]
[]
["SECRETARIA  REGIONAL - II"]
[]
["CONSTRUÇÃO DE QUADRA POLIESPORTIVA NA COMUNIDADE POÇO DA DRAGA",{"$nulls":11},"2014-06-03"]
["AV. ALMIRANTE TAMANDARÉ ESQUINA COM RUA DOS TABAJARAS - PRAIA DE IRACEMA"]
[]
[]
[]
["CRONOGRAMA FÍSICO- FINANCEIRO"]
[]
["ITEM","DISCRIMINAÇÃO","VALOR","BDI (22%)","VALOR+BDI","%","30 DIAS","%","60 DIAS","%","90 DIAS","%","TOTAL"]
[]
[1,"SERVICOS PRELIMINARES",{"v":12355.210000000001,"d":"12,355.21"},{"v":2471.0420000000004,"d":"2,471.04"},{"v":14826.252,"d":"14,826.25"},{"v":9.168593052662152,"d":"9.17"},{"v":14826.25,"d":"14,826.25"},{"v":100,"d":"100.00"},0,0,0,0,{"v":14826.252,"d":"14,826.25"},null,{"v":100,"d":"100.00"}]
[2,"MOVIMENTO DE TERRA",{"v":256.6,"d":"256.60"},{"v":51.32000000000001,"d":"51.32"},307.92,{"v":0.19041853414981277,"d":"0.19"},184.75,{"v":60,"d":"60.00"},123.17,{"v":40,"d":"40.00"},0,0,307.92,null,{"v":100,"d":"100.00"}]
[3,"ALVENARIAS E ACABAMENTOS",{"v":17056.370000000003,"d":"17,056.37"},{"v":3411.274000000001,"d":"3,411.27"},{"v":20467.644000000004,"d":"20,467.64"},{"v":12.657244634905856,"d":"12.66"},{"v":10233.82,"d":"10,233.82"},{"v":50,"d":"50.00"},{"v":6140.29,"d":"6,140.29"},{"v":30,"d":"30.00"},{"v":4093.53,"d":"4,093.53"},{"v":20,"d":"20.00"},{"v":20467.644000000004,"d":"20,467.64"},null,{"v":100,"d":"100.00"}]
[4,"PISOS",{"v":69626.23000000001,"d":"69,626.23"},{"v":13925.246000000003,"d":"13,925.25"},{"v":83551.47600000001,"d":"83,551.48"},{"v":51.66845150030288,"d":"51.67"},{"v":29243.02,"d":"29,243.02"},{"v":35,"d":"35.00"},{"v":33420.59,"d":"33,420.59"},{"v":40,"d":"40.00"},{"v":20887.87,"d":"20,887.87"},{"v":25,"d":"25.00"},{"v":83551.47600000001,"d":"83,551.48"},null,{"v":100,"d":"100.00"}]
[5,"PINTURAS",{"v":7208.26,"d":"7,208.26"},{"v":1441.652,"d":"1,441.65"},{"v":8649.912,"d":"8,649.91"},{"v":5.349128226698088,"d":"5.35"},0,0,{"v":3459.96,"d":"3,459.96"},{"v":40,"d":"40.00"},{"v":5189.95,"d":"5,189.95"},{"v":60,"d":"60.00"},{"v":8649.912,"d":"8,649.91"},null,{"v":100,"d":"100.00"}]
[6,"URBANIZAÇÃO E PAISAGISMO",{"v":27298.429999999993,"d":"27,298.43"},{"v":5459.685999999999,"d":"5,459.69"},{"v":32758.11599999999,"d":"32,758.12"},{"v":20.25770469677035,"d":"20.26"},0,0,{"v":13103.25,"d":"13,103.25"},{"v":40,"d":"40.00"},{"v":19654.87,"d":"19,654.87"},{"v":60,"d":"60.00"},{"v":32758.11599999999,"d":"32,758.12"},null,{"v":100,"d":"100.00"}]
[7,"SERVIÇOS COMPLEMENTARES",954.69,{"v":190.93800000000002,"d":"190.94"},{"v":1145.6280000000002,"d":"1,145.63"},{"v":0.7084593545108526,"d":"0.71"},0,0,114.56,{"v":10,"d":"10.00"},{"v":1031.07,"d":"1,031.07"},{"v":90,"d":"90.00"},{"v":1145.6280000000002,"d":"1,145.63"},null,{"v":100,"d":"100.00"}]
[]
[null,"TOTAL SIMPLES",{"v":134755.79,"d":"134,755.79"},{"v":26951.158000000003,"d":"26,951.16"},{"v":161706.948,"d":"161,706.95"},{"v":99.99999999999999,"d":"100.0"},{"v":54487.84,"d":"54,487.84"},{"v":33.69542290786416,"d":"33.70"},{"v":56361.81999999999,"d":"56,361.82"},{"v":34.85429704603663,"d":"34.85"},{"v":50857.28,"d":"50,857.28"},{"v":31.45027509887825,"d":"31.45"}]
[null,"TOTAL ACUMULADO",{"$nulls":4},{"v":54487.84,"d":"54,487.84"},{"v":33.69542290786416,"d":"33.70"},{"v":110849.65999999999,"d":"110,849.66"},{"v":68.54971995390079,"d":"68.55"},{"v":161706.94,"d":"161,706.94"},{"v":99.99999505277904,"d":"100.00"},{"v":161706.948,"d":"161,706.95"}]